Liberty Or Death (Record no. 1253152)

MARC details
000 -LEADER
fixed length control field 00452nam a2200193Ia 4500
008 - FIXED-LENGTH DATA ELEMENTS--GENERAL INFORMATION
fixed length control field 151121s9999||||xx |||||||||||||| ||und||
082 ## - DEWEY DECIMAL CLASSIFICATION NUMBER
Classification number 954/Fre
082 ## - DEWEY DECIMAL CLASSIFICATION NUMBER
Item number HNW-71684
100 ## - MAIN ENTRY--PERSONAL NAME
Personal name French Patric
245 ## - TITLE STATEMENT
Title Liberty Or Death
260 ## - PUBLICATION, DISTRIBUTION, ETC. (IMPRINT)
Name of publisher, distributor, etc Harper Collins Pub।
260 ## - PUBLICATION, DISTRIBUTION, ETC. (IMPRINT)
Date of publication, distribution, etc --
300 ## - PHYSICAL DESCRIPTION
Extent 467
600 ## - SUBJECT ADDED ENTRY--PERSONAL NAME
Personal name French Patric
630 ## - SUBJECT ADDED ENTRY--UNIFORM TITLE
Uniform title Liberty Or Death
700 ## - ADDED ENTRY--PERSONAL NAME
Personal name French Patric
730 ## - ADDED ENTRY--UNIFORM TITLE
Uniform title Liberty Or Death
942 ## - ADDED ENTRY ELEMENTS (KOHA)
Koha item type Book
Holdings
Withdrawn status Lost status Damaged status Not for loan Home library Current library Date acquired Cost, normal purchase price Total Checkouts Full call number Barcode Date last seen Cost, replacement price Price effective from Koha item type
        Hirachand Nemchand Wachanalaya, Solapur Hirachand Nemchand Wachanalaya, Solapur 11/21/2015 535.00   HNW-71684 HNW-71684 11/21/2015 535.00 11/21/2015 Book